000 01367nam a2200445 i 4500
001 40082
003 KOSZ 005
005 20220722144920.0
008 010314s2000 pl |000 0 pol
015 _aUWD 2001/4996
020 _a8372511101
035 _a991015842079705066
035 _a(PL-WaBN)b14255996-48omnis_nlop
035 _ab14255996
035 _a(OCoLC)750565717
035 _axx001604330
035 _a(PL)b0000001425599
035 _a(EXLNZ-48OMNIS_NETWORK)9910291430505606
040 _aWA N
_cWA N
_dKOSZ 005/HR
041 0 _apol
046 _k2000
080 _a339:077
100 1 _aSzpringer, Włodzimierz
_eAutor
245 1 0 _aHandel elektroniczny - konkurencja czy regulacja? /
_cWłodzimierz Szpringer.
260 _aWarszawa :
_b"Difin",
_c2000.
300 _a249 s. ;
_c21 cm.
336 _aTekst
_btxt
_2rdacontent
337 _aBez urządzenia pośredniczącego
_bn
_2rdamedia
338 _aWolumin
_bnc
_2rdacarrier
380 _aKsiążki
388 _a1901-2000
388 _a1989-2000
504 _aBibliogr.
650 7 _aHandel elektroniczny
_2DBN
658 _aGospodarka, ekonomia, finanse
710 2 _aDifin
_4pbl
856 _uhttp://koha.tu.koszalin.pl/cgi-bin/koha/opac-detail.pl?biblionumber=40082
_yKatalog online BPK
942 _2UKD
_cKS
999 _c40082
_d40082